|
|
|
|
| LEADER |
01277nam a2200277 a 4500 |
| 001 |
27003 |
| 008 |
130521s2001 xxu b i000 0 eng d |
| 010 |
|
|
|a 2002349373
|
| 020 |
|
|
|a 9211200377
|
| 040 |
|
|
|a UIU
|c UIU
|d GZM
|d OCLCQ
|d BAKER
|d DLC
|d BD-DhAAL.
|
| 082 |
0 |
0 |
|a 338.95
|2 22
|
| 245 |
0 |
0 |
|a Reducing disparities :
|b balanced development of urban and rural areas and regions within the countries of Asia and the Pacific /
|c Economic and Social Commission for Asia and the Pacific.
|
| 260 |
|
|
|a New York :
|b United Nations,
|c 2001.
|
| 300 |
|
|
|a ix, 131 p. ;
|c 25 cm.
|
| 504 |
|
|
|a Includes bibliographical references (p. 118-131).
|
| 541 |
|
|
|e 27003
|
| 650 |
|
0 |
|a Rural development
|z Asia
|
| 650 |
|
0 |
|a Rural development
|z Pacific Area
|
| 650 |
|
0 |
|a Economic development
|z Asia
|x Regional disparities
|
| 650 |
|
0 |
|a Economic development
|z Pacific Area
|x Regional disparities.
|
| 650 |
|
0 |
|a Income distribution
|z Asia
|
| 650 |
|
0 |
|a Income distribution
|z Pacific Area.
|
| 710 |
2 |
|
|a United Nations.
|b Economic and Social Commission for Asia and the Pacific.
|
| 852 |
1 |
|
|a Ayesha Abed Library
|j General shelf.
|
| 999 |
|
|
|c 13492
|d 13492
|
| 952 |
|
|
|0 0
|1 0
|2 ddc
|4 0
|6 338_950000000000000_RED
|7 0
|9 22588
|a BRACUL
|b BRACUL
|c GEN
|d 2013-05-27
|e VC of BRACU
|l 0
|o 338.95 RED
|p 3010027003
|r 2013-06-01
|t 1
|w 2013-06-01
|y BK
|